000 00709nam a22002297a 4500
005 20170124110008.0
010 _aA-472949
020 _c110.00
_a08769269110
035 _aA-472949
037 _bCen Lib/Ret
040 _aDPL
_bEN
082 _a330
_bRAY
100 _aRay, S. K.
_98296
245 _aThe parallel economy /
_cby S. K. Ray
260 _aNew Delhi
_bPrentice-Hall of India
_c1991
270 _aM-97, Connaught Circus
_bNew Delhi
_e110001
300 _axvi,232p. :
_c21cm(Hb)
_bill
500 _aIncludes bibliographic references and index
650 _aInformal sector (Economics)
_917154
650 _aCooperative societies
_917155
942 _2ddc
_cEN
_h330
_mRAY
999 _c126293
_d126293